| 000 | 00862nam a22001937a 4500 | ||
|---|---|---|---|
| 005 | 20251028123527.0 | ||
| 100 | _aOmorogbe, S.O. | ||
| 245 | _aSulphated rubber wood cellulose nanocrystals as steric stabilizer for the synthesis of monodispersed magnetite nanoparticles: A study on the tuning of hydrogen bonding | ||
| 260 | _bNatural Rubber Industry: An Asset for Socio-economic development and preservation of the Environment: Proceedings of the International Rubber Conference, IRC 2018, 22-23 October 2018, International Rubber Research and Development Board, Abidjan, Cote D' Ivoire, pp. 148-158. | ||
| 650 | _aCellulose nanocrystals | ||
| 650 | _aFe3O4 | ||
| 650 | _aSteric stabilizer | ||
| 650 | _aHydrogen bonding | ||
| 700 | _aIkhuoria, E.U. | ||
| 700 | _aAigbodion, A.I. | ||
| 700 | _aAgbonlahorb, O.G. | ||
| 700 | _aPillaic, S. | ||
| 942 | _cAR | ||
| 999 |
_c75697 _d75697 |
||